ბათუმის შოთა რუსთაველის სახელმწიფო უნივერსიტეტის ბიბლიოთეკა

Ассиметрические методы в анализе (ბიბ.ჩანაწერი № 48137)

000 -LEADER
fixed length control field 00613nam a2200205Ia 4500
001 - CONTROL NUMBER
control field 15018
003 - CONTROL NUMBER IDENTIFIER
control field GE_BSU
008 - FIXED-LENGTH DATA ELEMENTS--GENERAL INFORMATION
fixed length control field 181216s||||||||xx |||||||||||||| ||und||
040 ## - CATALOGING SOURCE
Transcribing agency GE_BSU
080 ## - UNIVERSAL DECIMAL CLASSIFICATION NUMBER
Universal Decimal Classification number 517.928
100 ## - MAIN ENTRY--PERSONAL NAME
Personal name Брейн, де Н.Г.
245 ## - TITLE STATEMENT
Title Ассиметрические методы в анализе
245 ## - TITLE STATEMENT
Statement of responsibility, etc. Ред.Н.И.Плужникова
260 ## - PUBLICATION, DISTRIBUTION, ETC.
Place of publication, distribution, etc. Москва
260 ## - PUBLICATION, DISTRIBUTION, ETC.
Name of publisher, distributor, etc. Изд-во Иностранной литературы
260 ## - PUBLICATION, DISTRIBUTION, ETC.
Date of publication, distribution, etc. 1961
300 ## - PHYSICAL DESCRIPTION
Extent 247стр.20см.
653 ## - INDEX TERM--UNCONTROLLED
Uncontrolled term Ассиметрические методы в анализе
942 ## - ADDED ENTRY ELEMENTS (KOHA)
Koha item type წიგნი
ეგზემპლარები
Withdrawn status Lost status Damaged status Not for loan Date acquired Barcode Date last seen Price effective from Koha item type
        2018-12-17 17159 2018-12-17 2018-12-17 წიგნი